Statistics for Five Biggest Cities by Region #3 (Pro)

Click here to take the quiz!

General Stats

  • This quiz has been taken 438 times
  • The average score is 29 of 50

Answer Stats

HintAnswer% Correct
441,003Miami
99%
5,346,518Ankara
97%
14,804,116Istanbul
97%
7,860,781Johannesburg
95%
1,744,351Warsaw
95%
3,440,992Cape Town
94%
1,280,731Copenhagen
94%
9,339,023Karachi
94%
270,934Orlando
93%
2,581,827Santo Domingo
92%
1,415,550Auckland
91%
5,209,088Lahore
91%
875,978Port-au-Prince
91%
1,763,336Pretoria
89%
868,031Jacksonville
88%
761,069Krakow
87%
369,075Tampa
87%
2,786,046Durban
85%
377,130Wellington
85%
4,223,545Izmir
82%
246,716Aarhus
72%
876,436Port Elizabeth
71%
700,982Lodz
70%
635,759Wroclaw
61%
2,328,555Antalya
59%
2,008,681Faisalabad
58%
19,569Yellowknife
54%
542,348Poznan
53%
2,901,396Bursa
52%
112,194Aalborg
51%
25,085Whitehorse
48%
1,409,768Rawalpindi
47%
257,083St. Petersburg
47%
175,245Odense
46%
170,571Hamilton
38%
7,740Iqaluit
35%
1,197,384Multan
29%
72,151Esbjerg
18%
422,240Kuching
15%
526,508Balikpapan
14%
78,195Palmerston North
14%
550,754Santiago de los Caballeros
14%
120,414Tauranga
14%
554,764Pontianak
9%
685,859Samarinda
9%
430,250Carrefour
8%
612,849Banjarmasin
7%
3,243Inuvik
6%
359,451Delmas
5%
3,528Hay River
2%

Score Distribution

Percentile by Number Answered

Percent of People with Each Score

Your Score History

You have not taken this quiz